| 000 | 00998nam a2200241Ia 4500 | ||
|---|---|---|---|
| 003 | OSt | ||
| 005 | 20210505123514.0 | ||
| 008 | 210310s1955 sp gr 001 0 spa d | ||
| 040 |
_aCO-JMCR _cCO-JMCR |
||
| 041 | 0 | _aspa | |
| 082 | 0 | 4 |
_a330.917124 / _bS151c _223 |
| 100 | 1 |
_aSánchez Ramos, Francisco, _eautor _926104 |
|
| 245 | 1 | 3 |
_aLa economía de la commonwealth británica / _cFrancisco Sánchez Ramos |
| 260 |
_aMadrid, España : _bAguilar, _c1955. |
||
| 300 |
_a147 páginas ; _c18 cm. |
||
| 490 | 0 | _aEconomía | |
| 500 | _aIncluye datos biográficos del autor. | ||
| 504 | _aBibliografía : páginas 141-142. | ||
| 505 | 0 | _aGeografía económica de la comunidad. -- Estructura política de la comunidad. -- La estructura económica de los países de la Commonwealth y el trafico comercial.-- Política de fomento de la trabazón económica intracomunitaria. -- El porvenir. | |
| 650 | 1 | 4 |
_aEconomía comunitaria. _926106 |
| 650 | 2 | 4 |
_aComunidad y economía _937426 |
| 942 |
_2ddc _cBK |
||
| 999 |
_c11657 _d11657 |
||